Mahārāshṭra Vidhānamaṇḍaḷa bodhikā. (Record no. 84569)
[ view plain ]
| 000 -LEADER | |
|---|---|
| fixed length control field | 00751cam a22002531 4500 |
| 001 - CONTROL NUMBER | |
| control field | sa 68012521 |
| 003 - CONTROL NUMBER IDENTIFIER | |
| control field | DLC |
| 005 - DATE AND TIME OF LATEST TRANSACTION | |
| control field | 20260227112611.0 |
| 008 - FIXED-LENGTH DATA ELEMENTS--GENERAL INFORMATION | |
| fixed length control field | 890913s1967 ii k l 000 0 maro |
| 010 ## - LIBRARY OF CONGRESS CONTROL NUMBER | |
| LC control number | sa 68012521 |
| 035 ## - SYSTEM CONTROL NUMBER | |
| System control number | (OCoLC)20336148 |
| 040 ## - CATALOGING SOURCE | |
| Original cataloging agency | DLC |
| Transcribing agency | WaU |
| Modifying agency | DLC |
| 042 ## - AUTHENTICATION CODE | |
| Authentication code | premarc |
| 043 ## - GEOGRAPHIC AREA CODE | |
| Geographic area code | a-ii--- |
| 050 00 - LIBRARY OF CONGRESS CALL NUMBER | |
| Classification number | JQ620.M265 |
| Item number | A5 |
| 110 1# - MAIN ENTRY--CORPORATE NAME | |
| Corporate name or jurisdiction name as entry element | Maharashtra (India). |
| Subordinate unit | Legislature. |
| 245 10 - TITLE STATEMENT | |
| Title | Mahārāshṭra Vidhānamaṇḍaḷa bodhikā. |
| 260 ## - PUBLICATION, DISTRIBUTION, ETC. | |
| Date of publication, distribution, etc. | 1967. |
| 300 ## - PHYSICAL DESCRIPTION | |
| Extent | 4, 302 p. |
| Other physical details | forms. |
| Dimensions | 19 cm. |
| 500 ## - GENERAL NOTE | |
| General note | In Marathi. |
| 610 10 - SUBJECT ADDED ENTRY--CORPORATE NAME | |
| Corporate name or jurisdiction name as entry element | Maharashtra (India). |
| Subordinate unit | Legislature |
| General subdivision | Rules and practice. |
| 610 10 - SUBJECT ADDED ENTRY--CORPORATE NAME | |
| Corporate name or jurisdiction name as entry element | Maharashtra (India). |
| Subordinate unit | Legislature |
| General subdivision | Salaries, pensions, etc. |
| 610 10 - SUBJECT ADDED ENTRY--CORPORATE NAME | |
| Corporate name or jurisdiction name as entry element | Maharashtra (India). |
| Title of a work | Laws, etc. |
No items available.